000 00316nam a2200121Ia 4500
008 240624s9999 xx 000 0 und d
041 _aeng
082 _a327.730182 KAP
100 _aKAPLAN ROBERT D
245 _aMONSOON THE INDIAN OCEAN AND THE FUTURE
260 _c2010
_aNew Delhi
_bRandom House
365 _cRS
_b30
999 _c27798
_d27798